• 首页
  • 本馆介绍
  • 公告通知
  • 最新文献
  • 馆藏检索
  • 电子资源
  • 读者导购
  • 参考咨询
  • 我的图书馆
  • 登录
  • 详细信息显示
  • 放入我的书架
  • 预约/预借图书
  • 作者相关作品
  • 分类相关作品
  • 丛书相关作品
  • 出版社相关作品

书目信息

  • 表格格式
  • 工作单格式
  • 卡片格式
题名:
孩子提问题 大师来回答
    
 
作者: 哈里斯 编著 ;杜冰 译
分册: 2  
出版信息: 上海   上海社会科学院出版社  2015
页数: 230页
开本: 21cm
丛书名:
单 册:
中图分类: Z228.1
科图分类:
主题词: 科学知识--少儿读物
电子资源:
ISBN: 978-7-5520-0786-2
000 00945nam0 2200229 450
001 143
005 20180521102033.05
010    @a978-7-5520-0786-2@dCNY36.80
100    @a20150920d2015 cemy0chiy50 ea
101 1  @achi@ceng
102    @aCN@b310000
105    @aa z 000yy
200 1  @a孩子提问题 大师来回答@9hai zi ti wen ti da shi lai hui da@h2@dDose my goldfish know who I am?And hundreds more big questions from little people answered by experts@h2@f(英)杰玛·埃尔文·哈里斯(Gemma Elwin Harris)编著@g杜冰译@zeng
210    @a上海@c上海社会科学院出版社@d2015
215    @a230页@c彩图@d21cm
510 1  @aDose my goldfish know who I am?And hundreds more big questions from little people answered by experts@h2@zeng
606 0  @a科学知识@j少儿读物
690    @aZ228.1@v5
701  0 @c(英)@a哈里斯@9ha li si@c(Harris, Gemma Elwin)@4编著
702  0 @a杜冰@9du bing@4译
801  0 @aCN@b91MARC@c20150920
905    @aMuseLib@dZ228.1@e221:2
    
    孩子提问题 大师来回答.2=Dose my goldfish know who I am?And hundreds more big questions from little people answered by experts.2/(英)杰玛·埃尔文·哈里斯(Gemma Elwin Harris)编著/杜冰译.-上海:上海社会科学院出版社,2015
    230页:彩图;21cm
    
    
    ISBN 978-7-5520-0786-2:CNY36.80
    
●
相关链接 在E读中查询图书 在五车中查询图书 在当当中查询图书 在豆瓣中查询图书


正题名:孩子提问题 大师来回答     索取号:Z228.1/221:2         预约/预借

序号 登录号 条形码 馆藏地/架位号 状态 备注
1 1100784   211007845   第二样本阅览室/ [索取号:Z228.1/221:2] 在馆    
2 1100785   211007854   教育系资料室/ [索取号:Z228.1/221:2] 在馆    
3 1100786   211007863   教育系资料室/ [索取号:Z228.1/221:2] 在馆    
4 1100787   211007872   教育系资料室/ [索取号:Z228.1/221:2] 在馆    
5 1100788   211007881   第三借阅区/ [索取号:Z228.1/221:2] 在馆    
6 1100789   211007890   第三借阅区/ [索取号:Z228.1/221:2] 在馆    
唐山师范学院图书馆 欢迎您!
大连网信软件有限公司© 版权所有